000 01831nam a2200361 a 4500
001
003 DO-SdBNP
005 20210923123547.0
007
008 090717s1994 dr a 000 0 spa d
040 _aBPMSU
_bspa
_cBPMSU
082 4 _aRD868.44
_bA385V 1994
_222
100 1 _aAufau Durán, Vetilio ,
_d1905-1985
245 1 0 _aVetilio Alfau Durán en Clío /
_ccompiladores, Arístides Incháustegui, Blanca Delgado Malagón.
_b
260 _aSanto Domingo :
_bComisión Oficial para la Celebración del Sesquicentenario de la Independencia Nacional,
_c1994
300 _av.;
_c23 cm.
_b
490 0 _aSesquicentenario de la Independencia Nacional,
_v3
500 _aIncluye índice onomástico.
500 _aIncluye referencias bibliográficas y notas al pie de las páginas.
504 _aBibliografía : p. 570-682
505 0 _a v.2 : La esclavitud en Santo Domingo -- Cronología de gobernantes de la República Dominicana -- Apuntes para la historia constitucional dominicana -- Intervencionismo en Santo Domingo -- Rectificaciones -- Extranjeros y Santo Domingo -- Discursos en la Academia Dominicana de la Historia -- Académicas y misceláneas -- Índice general de Clío (1933-1964)/Vetilio Alfao Durán -- Comentarios acerca de Vetilio Alfau Durán publicados en Clío.
590 _6Inventariado, 2021/VM
600 1 4 _aAlfau Durán, Vetilio
_d1905-1985
_vColecciones de escritos
600 1 4 _aDuarte , Juan Pablo
_d1813-1876
651 4 _aRepública Dominicana
_xHistoria
_y
651 4 _aRepública Dominicana
_xBibliografías
700 1 _aIncháustegui, Arístides,
_d1938-
_ecomp.
700 1 _aDelgado Malagón, Blanca,
_ecomp.
730 0 2 _aClío (República Dominicana)
730 2 _aListín Diario (República Dominicana)
910 _aVMateo V.
942 _2ddc
_cBK
999 _c13473
_d13473